000 00374nam a22001457a 4500
005 20251007124025.0
008 250929b |||||||| |||| 00| 0 eng d
020 _a978-93-48189-11-0
041 _aeng
100 _aCHATURVEDI , PHANEENDRA NATH
_98706
245 _aBHARAT KE MAHAN JANNAYAK
260 _aUTTAR PRADESH
_bAKSHAN PLANT
_c2024
300 _a72;P
942 _cBK
999 _c8851
_d8849